000 00568nam a2200169 i 4500
001 96305
003 ES-MaACL
005 20230906181903.0
007 t|
008 050615s1953 sp ||||1| spa d
100 1 _aMaggiore, Luis.
_975471
245 1 0 _aManual de Oftalmología /
_cpor el prof. Luis Maggiore; traducción, prólogo y notas por el prof. Angel Moreu González Pola.
260 _aBarcelona :
_bCientífico Médica,
_c1953.
300 _aXX, 797 p., 3 lám. :
_bil. ;
_c25 cm.
700 1 _aMoreu, Angel.
_983492
852 _aES-MaACL
_jD-90126
_bR.32324
999 _c96305
_d96305